Direito das concessões de serviço público : (Record no. 960)

MARC details
000 -LÍDER
Campo Fixo de Controle 00831nam a2200265 a 4500
001 - NÚMERO DE CONTROLE
Campo de Controle 960
003 - IDENTIFICAÇÃO DO NÚMERO DE CONTROLE
Campo de Controle BR-CuiBMT
005 - DATA E HORA DA ÚLTIMA ATUALIZAÇÃO
Campo de Controle 20231123232732.0
008 - DADOS FIXOS
Dados Fixos 231101s2022 mgb 000 0 por d
020 ## - INTERNATIONAL STANDARD BOOK NUMBER
Nº do ISBN 9786555184334
040 ## - AGÊNCIA CATALOGADORA
Código da Agência Catalogadora BR-CuiBMT
Agência que transcreveu o registro BR-CuiBMT
080 ## - Nº DA CLASSIFICAÇÃO DECIMAL UNIVERSAL
Nº Class. CDU 35.078.6
Nº edição CDU 2007
090 ## - NÚMERO DE CHAMADA
Nº classificação 35.078.6
Cutter M838d
Ano/Edição 2. ed.
100 1# - ENTRADA PRINCIPAL -- AUTOR PESSOAL
Nome pessoal Moreira, Egon Bockmann
245 10 - TÍTULO PRINCIPAL
Título principal Direito das concessões de serviço público :
Subtítulo concessões, parcerias, permissões e autorizações /
Indicação de responsabilidade Egon Bockmann Moreira.
250 ## - EDIÇÃO
Edição 2. ed. rev., ampl. e atual.
260 ## - PUBLICAÇÃO, DISTRIBUIÇÃO, ETC.
Local de publicação Belo Horizonte :
Editora Fórum,
Data 2022.
300 ## - DESCRIÇÃO FÍSICA
N. páginas ou volumes 482 p.:
Dimensões 24 cm
504 ## - NOTA DE BIBLIOGRAFIA, ETC.
Nota de bibliografia inclui bibliografia.
650 ## - ASSUNTO TÓPICO
Cabeçalho tópico ou nome geográfico Serviço público
650 ## - ASSUNTO TÓPICO
Cabeçalho tópico ou nome geográfico Concessões
650 ## - ASSUNTO TÓPICO
Cabeçalho tópico ou nome geográfico Parceria público-privado
650 ## - ASSUNTO TÓPICO
Cabeçalho tópico ou nome geográfico Administração pública
Subdivisão geral Contrato
942 ## - ELEMENTOS DE ENTRADA ADICIONAIS (KOHA)
Fonte de classificação ou esquema de arquivamento Classificação Decimal Universal
Tipo de item do Koha Livros
Holdings
Estado: removido Estado: perdido Fonte de classificação ou esquema de arquivamento Estado: danificado Indisponível para empréstimo Localização permanente Localização atual Data de aquisição Total Checkouts Número de Chamada completo Código de barras Date last seen Número do exemplar Preço efetivo a partir de Tipo de item (Koha)
    Classificação Decimal Universal     Biblioteca da Escola Superior de Contas do TCE/MT Biblioteca da Escola Superior de Contas do TCE/MT 23/11/2023   35.078.6 M838d 2. ed. BIBTCEMT23111021 23/11/2023 Ex. 1 23/11/2023 Livros
    Classificação Decimal Universal     Biblioteca da Escola Superior de Contas do TCE/MT Biblioteca da Escola Superior de Contas do TCE/MT 23/11/2023   35.078.6 M838d 2. ed. BIBTCEMT23111022 23/11/2023 Ex. 2 23/11/2023 Livros
    Classificação Decimal Universal     Biblioteca da Escola Superior de Contas do TCE/MT Biblioteca da Escola Superior de Contas do TCE/MT 23/11/2023   35.078.6 M838d 2. ed. BIBTCEMT23111023 23/11/2023 Ex. 3 23/11/2023 Livros
    Classificação Decimal Universal     Biblioteca da Escola Superior de Contas do TCE/MT Biblioteca da Escola Superior de Contas do TCE/MT 23/11/2023   35.078.6 M838d 2. ed. BIBTCEMT23111024 23/11/2023 Ex. 4 23/11/2023 Livros

Powered by Koha